Las consultas de juventud: síntesis y análisis de contenidos y propuestas

Gardado en:
Detalles Bibliográficos
Autor Principal: Picado Rojas, Carlos Alberto
Formato: Texto
Publicado: San José: OPS. Comisión Nacional del Adolescente, Costa Rica
Etiquetas: Engadir etiqueta
Sen Etiquetas, Sexa o primeiro en etiquetar este rexistro!

MARC

LEADER 00000 a a2200000 04500
001 11956
003
040
090 |a 141200  
100 |a Picado Rojas, Carlos Alberto  
245 |a Las consultas de juventud: síntesis y análisis de contenidos y propuestas  
260 |a San José:   |b OPS. Comisión Nacional del Adolescente,   |c Costa Rica  
300 |a 68 p.  
300 |b **no definido**  
999 |c 14391  |d 14391